[Event "Aeroflot Open A"]
[Site "Moscow RUS"]
[Date "2011.02.13"]
[Round "6"]
[White "Le, Quang Liem"]
[Black "Kasimdzhanov, Rustam"]
[Result "1/2-1/2"]
[WhiteTitle "GM"]
[BlackTitle "GM"]
[WhiteElo "2664"]
[BlackElo "2681"]
[WhiteFideId "12401137"]
[BlackFideId "14200244"]
[EventDate "2011.02.08"]

1. d4 d5 2. c4 c6 3. Nf3 Nf6 4. Nc3 e6 5. Qd3 Nbd7 6. g3 b6 7. Bg2 a5 8. O-O Ba6
9. b3 Bb4 10. a3 Be7 11. Rd1 O-O 12. a4 Bb4 13. Bf4 Qe7 1/2-1/2

[Event "Aeroflot Open A"]
[Site "Moscow RUS"]
[Date "2011.02.13"]
[Round "6"]
[White "Kobalia, Mikhail"]
[Black "Tomashevsky, Evgeny"]
[Result "1/2-1/2"]
[WhiteTitle "GM"]
[BlackTitle "GM"]
[WhiteElo "2666"]
[BlackElo "2695"]
[WhiteFideId "4119150"]
[BlackFideId "4147235"]
[EventDate "2011.02.08"]

1. e4 e5 2. Nf3 Nc6 3. Bb5 a6 4. Ba4 Nf6 5. O-O Be7 6. d3 b5 7. Bb3 d6 8. a4 b4
9. a5 O-O 10. Nbd2 Be6 11. Nc4 h6 12. h3 Na7 13. c3 Rb8 14. Be3 c5 15. Nb6 Bxb3
16. Qxb3 bxc3 17. bxc3 Nc8 18. Rfb1 Nd7 19. Qa4 Ncxb6 20. axb6 Rxb6 21. Rxb6
Nxb6 22. Qxa6 Qa8 23. Ra5 Qxa6 24. Rxa6 Rb8 25. Ra7 Kf8 26. Kf1 1/2-1/2

[Event "Aeroflot Open A"]
[Site "Moscow RUS"]
[Date "2011.02.13"]
[Round "6"]
[White "Vitiugov, Nikita"]
[Black "Zhou, Jianchao"]
[Result "1-0"]
[WhiteTitle "GM"]
[BlackTitle "GM"]
[WhiteElo "2709"]
[BlackElo "2655"]
[WhiteFideId "4152956"]
[BlackFideId "8603537"]
[EventDate "2011.02.08"]

1. c4 c5 2. Nf3 Nc6 3. Nc3 Nf6 4. g3 g6 5. d4 cxd4 6. Nxd4 d6 7. Bg2 Bd7 8. Nb3
a5 9. c5 a4 10. Nd2 dxc5 11. Nxa4 Qa5 12. b3 Nd8 13. O-O Bxa4 14. bxa4 Qxa4 15.
Bb2 Qxd1 16. Rfxd1 Bg7 17. e4 O-O 18. e5 Ng4 19. Nc4 Ra4 20. Nb6 Rb4 21. Nd7
Rxb2 22. Nxf8 Nc6 23. Bxc6 Bxe5 24. Rab1 Rxa2 25. Bd5 Ra6 26. Bf3 Kxf8 27. Bxg4
b6 28. Rd2 Bc3 29. Be2 Ra8 30. Rc2 Bb4 31. Rd1 Ra7 32. Rd8+ Kg7 33. Kg2 Ra1 34.
Rd7 Kf6 35. Bc4 Ba5 36. h4 h6 37. Rb7 Ra4 38. Be2 g5 39. hxg5+ hxg5 40. Rc4 1-0

[Event "Aeroflot Open A"]
[Site "Moscow RUS"]
[Date "2011.02.13"]
[Round "6"]
[White "Zvjaginsev, Vadim"]
[Black "Jakovenko, Dmitry"]
[Result "1/2-1/2"]
[WhiteTitle "GM"]
[BlackTitle "GM"]
[WhiteElo "2660"]
[BlackElo "2718"]
[WhiteFideId "4113403"]
[BlackFideId "4122356"]
[EventDate "2011.02.08"]

1. e4 c5 2. Nf3 Nc6 3. Bb5 g6 4. O-O Bg7 5. Bxc6 dxc6 6. d3 Nf6 7. Na3 O-O 8.
Be3 Bg4 9. h3 Bxf3 10. Qxf3 Nd7 11. Rab1 b5 12. Qe2 1/2-1/2

[Event "Aeroflot Open A"]
[Site "Moscow RUS"]
[Date "2011.02.13"]
[Round "6"]
[White "Khismatullin, Denis"]
[Black "Kurnosov, Igor"]
[Result "1-0"]
[WhiteTitle "GM"]
[BlackTitle "GM"]
[WhiteElo "2649"]
[BlackElo "2662"]
[WhiteFideId "4142578"]
[BlackFideId "4142527"]
[EventDate "2011.02.08"]

1. d4 Nf6 2. c4 g6 3. f3 d5 4. cxd5 Nxd5 5. e4 Nb6 6. Nc3 Bg7 7. Be3 O-O 8. Qd2
f5 9. e5 Be6 10. Nh3 Nc4 11. Bxc4 Bxc4 12. O-O-O c5 13. Bh6 Qxd4 14. Qg5 Qxe5
15. Rhe1 Qf6 16. Bxg7 Qxg5+ 17. Nxg5 Kxg7 18. Rxe7+ Kf6 19. Rxh7 Kxg5 20. Rd6
Bg8 21. h4+ Kf4 22. Rxb7 Bc4 23. Re7 Na6 24. b3 Bf1 25. Nd5+ Kg3 26. Rxg6+ Kf2
27. Nf4 Bxg2 28. Nd3+ Kxf3 29. Ne1+ Kf2 30. Rxg2+ Kf1 31. Ree2 1-0

[Event "Aeroflot Open A"]
[Site "Moscow RUS"]
[Date "2011.02.13"]
[Round "6"]
[White "Rodshtein, Maxim"]
[Black "Movsesian, Sergei"]
[Result "1/2-1/2"]
[WhiteTitle "GM"]
[BlackTitle "GM"]
[WhiteElo "2625"]
[BlackElo "2721"]
[WhiteFideId "2806851"]
[BlackFideId "310204"]
[EventDate "2011.02.08"]

1. d4 Nf6 2. c4 e6 3. Nf3 d5 4. g3 Bb4+ 5. Bd2 Be7 6. Bg2 c6 7. O-O O-O 8. Qc2
Nbd7 9. Bf4 b6 10. Nc3 Bb7 11. Rfd1 dxc4 12. Nd2 Nd5 13. Nxc4 Nxf4 14. gxf4 Qc7
15. Ne5 Rac8 16. Rab1 Nf6 17. e3 Nd5 18. Rbc1 Bd6 19. Ne4 Be7 20. Qa4 c5 21.
dxc5 bxc5 22. b4 Nb6 23. Qa5 c4 24. b5 Kh8 25. Nc3 Bxg2 26. Kxg2 Qb7+ 27. Nc6 a6
28. Kg1 Bf6 29. Ne5 Bxe5 30. fxe5 axb5 31. Qxb5 Rb8 32. Rd6 Qc7 33. Qc6 Qe7 34.
Qe4 Nd7 35. Kh1 f6 36. Qxc4 Nxe5 37. Qxe6 Qb7+ 38. Qd5 Qb2 39. Qd2 Qb7+ 40. Nd5
Qb2 41. Nf4 Qb7+ 1/2-1/2

[Event "Aeroflot Open A"]
[Site "Moscow RUS"]
[Date "2011.02.13"]
[Round "6"]
[White "Hess, Robert L"]
[Black "Vachier-Lagrave, Maxime"]
[Result "0-1"]
[WhiteTitle "GM"]
[BlackTitle "GM"]
[WhiteElo "2572"]
[BlackElo "2715"]
[WhiteFideId "2022036"]
[BlackFideId "623539"]
[EventDate "2011.02.08"]

1. Nf3 Nf6 2. c4 g6 3. Nc3 Bg7 4. e4 d6 5. d4 O-O 6. Be2 e5 7. Be3 Na6 8. O-O
Ng4 9. Bg5 Qe8 10. h3 exd4 11. Nd5 f6 12. Bc1 c6 13. hxg4 cxd5 14. exd5 Bxg4 15.
Bf4 Bxf3 16. Bxf3 Qd7 17. Re1 g5 18. Bd2 Rae8 19. Bh5 Re5 20. f4 gxf4 21. Bxf4
f5 22. Qf3 Nc5 23. b4 Ne4 24. Rac1 Nc3 25. c5 Nxd5 26. Bh2 Qe6 27. Bg3 Ne3 28.
Bxe5 dxe5 29. Qxb7 e4 30. Rxe3 dxe3 31. c6 e2 32. Qd7 Qh6 33. Qd5+ Kh8 34. Qc5
Qxh5 0-1

[Event "Aeroflot Open A"]
[Site "Moscow RUS"]
[Date "2011.02.13"]
[Round "6"]
[White "Yu, Yangyi"]
[Black "Riazantsev, Alexander"]
[Result "1-0"]
[WhiteTitle "GM"]
[BlackTitle "GM"]
[WhiteElo "2607"]
[BlackElo "2689"]
[WhiteFideId "8603820"]
[BlackFideId "4125029"]
[EventDate "2011.02.08"]

1. e4 c6 2. d4 d5 3. f3 e6 4. Nc3 Bb4 5. Bf4 Ne7 6. Qd3 O-O 7. O-O-O Nd7 8. Nge2
b5 9. h4 Nb6 10. a3 Bd6 11. h5 a5 12. h6 g6 13. Bxd6 Qxd6 14. e5 Qc7 15. Qe3 b4
16. Nb1 f6 17. exf6 Rxf6 18. Nd2 c5 19. dxc5 Nd7 20. axb4 axb4 21. Nb3 Nf5 22.
Qg5 Rf7 23. c6 Qxc6 24. g4 Ne7 25. Ned4 Qb6 26. Bd3 Nc5 27. Rhe1 Nxb3+ 28. Nxb3
Ba6 29. Qe3 Qc7 30. Qxe6 Bc4 31. Bxc4 dxc4 32. Rd7 Qf4+ 33. Kb1 cxb3 34. Rxe7
bxc2+ 35. Kxc2 Rf8 36. Rd1 b3+ 37. Qxb3 Rc8+ 38. Kb1 Qxf3 39. Qxf3 Rxf3 40. Rg7+
Kh8 41. Ra7 Rh3 42. g5 1-0

[Event "Aeroflot Open A"]
[Site "Moscow RUS"]
[Date "2011.02.13"]
[Round "6"]
[White "Timofeev, Artyom"]
[Black "Sjugirov, Sanan"]
[Result "0-1"]
[WhiteTitle "GM"]
[BlackTitle "GM"]
[WhiteElo "2681"]
[BlackElo "2626"]
[WhiteFideId "4140419"]
[BlackFideId "4189302"]
[EventDate "2011.02.08"]

1. c4 e6 2. d4 Nf6 3. Nc3 Bb4 4. f3 d5 5. a3 Bxc3+ 6. bxc3 c5 7. cxd5 Nxd5 8.
dxc5 Qa5 9. e4 Nf6 10. Be3 O-O 11. Kf2 Nfd7 12. Rb1 Rd8 13. Qb3 Qc7 14. Rd1 Rf8
15. Qb4 Nc6 16. Qa4 Na5 17. Qb5 Ne5 18. Bf4 Nac6 19. Nh3 f5 20. exf5 Rxf5 21.
Qa4 Qe7 22. Qe4 Qxc5+ 23. Be3 Qe7 24. Be2 h5 25. Nf4 b6 26. Rhe1 Bb7 27. Kg1
Raf8 28. Nh3 Ng6 29. Qa4 Nce5 30. Rd4 Bc6 31. Qb4 Qf6 32. Nf2 Ne7 33. Ne4 Bxe4
34. Rxe4 Nd5 35. Qd4 Nxc3 36. h3 Rd8 37. Qb4 Nxe4 38. fxe4 Rg5 39. Rf1 Qg6 40.
Bxg5 Qxg5 41. Qb3 Kh7 42. Rf2 Rd6 43. a4 h4 44. Kh2 Rc6 45. Bb5 Rc1 46. Bf1 Nc4
47. Qb5 Qxb5 48. axb5 Ne3 49. Bd3 Rd1 50. Bc2 Re1 51. Bd3 Rd1 52. Bc2 Nxc2 53.
Rxc2 Rb1 54. Ra2 Rxb5 55. Rxa7 Kg6 56. Rb7 e5 57. Rd7 Rb4 58. Kg1 Rb2 59. Rd6+
Kg5 60. Re6 Kf4 61. Rg6 Kxe4 62. Rxg7 Kd3 63. g3 e4 64. gxh4 e3 65. Rd7+ Ke2 66.
h5 Rd2 67. Ra7 Rd6 68. Kg2 b5 69. Ra2+ Rd2 70. Ra1 b4 71. Rb1 Kd3+ 72. Kg3 Kc3
73. Re1 e2 74. Kf2 b3 75. h6 Rd6 76. h7 Rh6 77. Rxe2 b2 78. Re3+ Kc2 79. Re2+
Kb3 80. Re1 Rxh7 81. Kg3 Rc7 82. h4 Rc4 83. h5 Ka2 84. Kg2 0-1

[Event "Aeroflot Open A"]
[Site "Moscow RUS"]
[Date "2011.02.13"]
[Round "6"]
[White "Papin, Vasily"]
[Black "Volokitin, Andrei"]
[Result "0-1"]
[WhiteTitle "IM"]
[BlackTitle "GM"]
[WhiteElo "2568"]
[BlackElo "2678"]
[WhiteFideId "4143183"]
[BlackFideId "14107090"]
[EventDate "2011.02.08"]

1. d4 Nf6 2. c4 e6 3. Nf3 b6 4. a3 Ba6 5. Qc2 Bb7 6. Nc3 c5 7. dxc5 bxc5 8. Bf4
Bxf3 9. gxf3 Nc6 10. e3 Be7 11. Bg3 O-O 12. Be2 g6 13. Rd1 Nh5 14. Rd2 Qc8 15.
O-O Rd8 16. Rfd1 Qb7 17. f4 Ng7 18. Bf3 Nf5 19. Qa4 Rab8 20. Kg2 Rbc8 21. Rb1
Qb6 22. Rbd1 d6 23. Qb5 Qxb5 24. Nxb5 a6 25. Nc3 Na5 26. Be2 Rb8 27. Na4 Bf6 28.
Bd3 Nb3 29. Rc2 Kf8 30. Re2 Ke7 31. f3 d5 32. cxd5 Rxd5 33. Bc2 Rxd1 34. Bxd1
Nc1 35. Re1 Nd3 36. Re2 Nxb2 37. Nxb2 Nxg3 38. hxg3 Bxb2 39. a4 c4 40. Rc2 c3
41. Kf1 h5 42. e4 Rb4 43. Rh2 Bc1 44. f5 Rb2 45. fxg6 fxg6 46. Rc2 Rxc2 47. Bxc2
e5 0-1

[Event "Aeroflot Open A"]
[Site "Moscow RUS"]
[Date "2011.02.13"]
[Round "6"]
[White "Grachev, Boris"]
[Black "Romanov, Evgeny"]
[Result "1-0"]
[WhiteTitle "GM"]
[BlackTitle "GM"]
[WhiteElo "2660"]
[BlackElo "2606"]
[WhiteFideId "4129199"]
[BlackFideId "4148843"]
[EventDate "2011.02.08"]

1. d4 Nf6 2. Nf3 d5 3. c4 e6 4. e3 Be7 5. b3 O-O 6. Bd3 b6 7. O-O c5 8. Bb2 cxd4
9. exd4 Bb7 10. Nbd2 Nc6 11. Qe2 Re8 12. Rac1 Rc8 13. Rfd1 Bf8 14. a3 g6 15. c5
bxc5 16. dxc5 e5 17. Bb5 d4 18. b4 Nd5 19. Qc4 Nf4 20. Ne4 Na5 21. Qc2 Nc6 22.
Bc4 Rc7 23. g3 Nh5 24. Nfg5 Kg7 25. f4 f5 26. Nd2 exf4 27. Ndf3 Kh6 28. gxf4
Nxf4 29. Qf2 Nh5 30. b5 Bxc5 31. bxc6 Bxc6 32. Bxd4 Bxd4 33. Rxd4 Qf6 34. Rcd1
f4 35. Rd6 Qc3 36. Bd5 Bxd5 37. R1xd5 Qc1+ 38. Rd1 Qxa3 39. R6d3 Qb4 40. Rd4 Qb5
41. Rd5 Qb3 42. R5d3 Qb5 43. Rd5 Qb3 44. Rd7 Re7 45. Rxe7 Rxe7 46. Ra1 Qe3 47.
Kg2 Qxf2+ 48. Kxf2 Nf6 49. Ra4 Kg7 50. Nd4 Ng4+ 51. Kf3 Nxh2+ 52. Kxf4 h6 53.
Nge6+ Kg8 54. Nd8 Nf1 55. N4e6 Kh7 56. Re4 g5+ 57. Kg4 Kg8 58. Re1 Nd2 59. Kf5
Nf3 60. Rc1 g4 61. Kf6 g3 62. Rc8 Kh7 63. Nf8+ Kg8 64. Ng6 Re8 65. Rc7 1-0

[Event "Aeroflot Open A"]
[Site "Moscow RUS"]
[Date "2011.02.13"]
[Round "6"]
[White "Ni, Hua"]
[Black "Lenic, Luka"]
[Result "1/2-1/2"]
[WhiteTitle "GM"]
[BlackTitle "GM"]
[WhiteElo "2645"]
[BlackElo "2613"]
[WhiteFideId "8601160"]
[BlackFideId "14603853"]
[EventDate "2011.02.08"]

1. e4 e5 2. Nf3 Nc6 3. d4 exd4 4. Nxd4 Bc5 5. Nxc6 Qf6 6. Qf3 dxc6 7. Bc4 Ne7 8.
Qxf6 gxf6 9. Bf4 Bb6 10. Nc3 Ng6 11. Bg3 h5 12. h4 Be6 13. Bxe6 fxe6 14. Rd1 Rd8
15. Rxd8+ Kxd8 16. Ke2 f5 17. f3 Rg8 18. Na4 Ne7 19. Nxb6 axb6 20. Kf2 fxe4 21.
fxe4 Rg4 22. Kf3 Ng6 23. c4 c5 24. a3 Kd7 25. b4 Ke7 26. Bxc7 Nxh4+ 27. Ke3
Nxg2+ 28. Kf2 cxb4 29. axb4 Nh4 30. Bg3 Ng6 31. Rxh5 Rxe4 32. Rh7+ Kf6 33. Rxb7
Rxc4 1/2-1/2

[Event "Aeroflot Open A"]
[Site "Moscow RUS"]
[Date "2011.02.13"]
[Round "6"]
[White "Sandipan, Chanda"]
[Black "Fedoseev, Vladimir3"]
[Result "1-0"]
[WhiteTitle "GM"]
[BlackTitle "IM"]
[WhiteElo "2641"]
[BlackElo "2505"]
[WhiteFideId "5004225"]
[BlackFideId "24130737"]
[EventDate "2011.02.08"]

1. d4 Nf6 2. c4 g6 3. Nc3 Bg7 4. e4 d6 5. f3 O-O 6. Nge2 c5 7. d5 e6 8. Ng3 exd5
9. cxd5 a6 10. a4 Nh5 11. Nxh5 gxh5 12. Be2 f5 13. O-O f4 14. g3 fxg3 15. hxg3
Qd7 16. Be3 Be5 17. f4 Qg7 18. Kf2 Bg4 19. Bxg4 hxg4 20. Kg2 Bxc3 21. bxc3 Nd7
22. Rb1 Rab8 23. c4 Rfe8 24. e5 dxe5 25. d6 Kh8 26. Bc1 Qg6 27. Bb2 Qe4+ 28. Kf2
Qxc4 29. fxe5 Rf8+ 30. Kg1 Rxf1+ 31. Qxf1 Qe6 32. Qf4 h6 33. Rf1 Kg8 34. Qe4 Rf8
35. Rxf8+ Nxf8 36. Qxb7 Qa2 37. Kg2 c4 38. e6 Nxe6 39. Qc8+ Nf8 40. Qxg4+ Kf7
41. Qg7+ Ke6 42. Kh3 Nd7 43. Qe7+ Kd5 44. Qxd7 Qxb2 45. Qe7 Qb1 46. d7 Qf1+ 47.
Kh4 Qh1+ 48. Kg4 Qd1+ 49. Kf5 Qd3+ 50. Kf6 Qf3+ 51. Kg7 Qxg3+ 52. Kf8 1-0

[Event "Aeroflot Open A"]
[Site "Moscow RUS"]
[Date "2011.02.13"]
[Round "6"]
[White "Khairullin, Ildar"]
[Black "Dubov, Daniil"]
[Result "1/2-1/2"]
[WhiteTitle "GM"]
[BlackTitle "IM"]
[WhiteElo "2640"]
[BlackElo "2459"]
[WhiteFideId "4151348"]
[BlackFideId "24126055"]
[EventDate "2011.02.08"]

1. c4 c6 2. Nf3 d5 3. e3 Nf6 4. Nc3 e6 5. Qc2 Nbd7 6. b3 Bd6 7. Bb2 O-O 8. Be2
dxc4 9. bxc4 e5 10. O-O Re8 11. d4 exd4 12. exd4 Nf8 13. h3 Ng6 14. Rfe1 b6 15.
Bd3 Bd7 16. Ne4 Nxe4 17. Bxe4 Rc8 18. Re3 Bf4 19. Re2 Be6 20. Rae1 Qd7 21. Qc3
f6 22. Qc2 b5 23. Bd3 bxc4 24. Bxc4 Bd5 25. Rxe8+ Rxe8 26. Rxe8+ 1/2-1/2

[Event "Aeroflot Open A"]
[Site "Moscow RUS"]
[Date "2011.02.13"]
[Round "6"]
[White "Bukavshin, Ivan"]
[Black "Bologan, Viktor"]
[Result "1-0"]
[WhiteTitle "FM"]
[BlackTitle "GM"]
[WhiteElo "2458"]
[BlackElo "2693"]
[WhiteFideId "4199758"]
[BlackFideId "13900048"]
[EventDate "2011.02.08"]

1. d4 Nf6 2. c4 g6 3. Nc3 Bg7 4. e4 d6 5. Nf3 O-O 6. h3 e5 7. dxe5 dxe5 8. Qxd8
Rxd8 9. Bg5 Nbd7 10. O-O-O Rf8 11. Bd3 c6 12. Bc2 Re8 13. Rd6 Bf8 14. Rd2 Bb4
15. a3 Bxc3 16. bxc3 Kg7 17. Rd6 a5 18. a4 h6 19. Be3 c5 20. Rhd1 Re7 21. Nd2
Ne8 22. Rd5 b6 23. Nb1 Nf8 24. Na3 g5 25. Nb5 Ng6 26. Rd8 Nf8 27. g3 Ne6 28.
R8d2 N6c7 29. Nxc7 Nxc7 30. f4 Bxh3 31. Rh1 Bg4 32. fxg5 h5 33. Bd1 Rd7 34. Rxd7
Bxd7 35. Rxh5 Rh8 36. g4 Ne6 37. Rh6 Bc6 38. Bc2 Rc8 39. Kd2 Nf8 40. Rf6 Ng6 41.
Bf2 Kf8 42. Bg3 Rc7 43. Ke3 Ke8 44. Rf5 Re7 45. Rf6 Kd7 46. Bd1 Kc7 47. Bc2 Bd7
48. Bd1 Be6 49. Be2 Kd6 50. Rf1 Re8 51. Rd1+ Kc7 52. Rh1 Kc6 53. Rh6 Kd6 54. Rh1
Bd7 55. Bd1 Re6 56. Bc2 Ke7 57. Rd1 Rd6 58. Rd5 Ke6 59. Bb3 Bc6 60. Bc2 Rd7 61.
Kf3 Bxd5 62. exd5+ Kd6 63. Ke4 Rd8 64. Kf5 Rh8 65. Kf6 Rh3 66. Bxg6 Rxg3 67. Bf5
e4 68. Kxf7 e3 69. g6 e2 70. g7 e1=Q 71. g8=Q Qe7+ 72. Kg6 Re3 73. g5 Qe8+ 74.
Qxe8 Rxe8 75. Kf7 1-0

[Event "Aeroflot Open A"]
[Site "Moscow RUS"]
[Date "2011.02.13"]
[Round "6"]
[White "Andreikin, Dmitry"]
[Black "Zhou, Weiqi"]
[Result "1-0"]
[WhiteTitle "GM"]
[BlackTitle "GM"]
[WhiteElo "2689"]
[BlackElo "2573"]
[WhiteFideId "4158814"]
[BlackFideId "8601674"]
[EventDate "2011.02.08"]

1. Nf3 Nf6 2. c4 e6 3. g3 d5 4. Bg2 dxc4 5. Qa4+ c6 6. Qxc4 b5 7. Qc2 Bb7 8. Nc3
Nbd7 9. O-O Be7 10. d4 O-O 11. Rd1 b4 12. Na4 Qa5 13. Nd2 Ba6 14. e4 e5 15. Nf3
Rad8 16. b3 Bb5 17. Bb2 c5 18. dxe5 Ne8 19. Nd2 Nc7 20. Nc4 Bxc4 21. Qxc4 Nb6
22. Nxb6 axb6 23. Bh3 Qb5 24. Qc2 Qc6 25. f4 Nb5 26. Bf1 Nc3 27. Bxc3 bxc3 28.
Bc4 Rxd1+ 29. Rxd1 b5 30. Bd5 Qa6 31. Qxc3 Qxa2 32. e6 fxe6 33. Bxe6+ Kh8 34.
Qd2 Qa3 35. Kg2 c4 36. bxc4 b4 37. c5 Bxc5 38. Qd3 Qb2+ 39. Rd2 Qc3 40. h4 Be3
41. Rd1 g6 42. e5 Qb2+ 43. Kh3 Qc3 44. Bb3 Bc5 45. Kg4 Rc8 46. h5 gxh5+ 47. Kxh5
Bf8 48. Qxc3 Rxc3 49. Be6 Rxg3 50. Rd8 Kg7 51. f5 Rh3+ 52. Kg4 Re3 53. f6+ Kg6
54. Bf5+ Kf7 55. Rd7+ 1-0

[Event "Aeroflot Open A"]
[Site "Moscow RUS"]
[Date "2011.02.13"]
[Round "6"]
[White "Motylev, Alexander"]
[Black "Bluvshtein, Mark"]
[Result "1-0"]
[WhiteTitle "GM"]
[BlackTitle "GM"]
[WhiteElo "2687"]
[BlackElo "2590"]
[WhiteFideId "4121830"]
[BlackFideId "2603608"]
[EventDate "2011.02.08"]

1. e4 e5 2. Nf3 Nc6 3. Bb5 Nf6 4. d3 Bc5 5. c3 O-O 6. Bxc6 bxc6 7. Nxe5 d5 8. d4
Bb6 9. O-O dxe4 10. Bg5 Qd5 11. Nd2 Nd7 12. Nxd7 Bxd7 13. Be3 f5 14. g3 f4 15.
Bxf4 Bh3 16. Qb3 Bxf1 17. Rxf1 Kh8 18. Be3 Rab8 19. Qc4 a5 20. Qa4 c5 21. dxc5
Bxc5 22. Qxa5 Rf5 23. Qxc7 Rxb2 24. Qc8+ Bf8 25. c4 Qf7 26. Nxe4 Re5 27. Nd6 Qe7
28. Bd4 Ree2 29. Nf5 Qb4 30. Bxg7+ Kg8 31. Qd7 1-0

[Event "Aeroflot Open A"]
[Site "Moscow RUS"]
[Date "2011.02.13"]
[Round "6"]
[White "Felgaer, Ruben"]
[Black "Khalifman, Alexander"]
[Result "1/2-1/2"]
[WhiteTitle "GM"]
[BlackTitle "GM"]
[WhiteElo "2585"]
[BlackElo "2638"]
[WhiteFideId "107069"]
[BlackFideId "4100115"]
[EventDate "2011.02.08"]

1. e4 e6 2. d4 d5 3. Nc3 Nf6 4. Bg5 dxe4 5. Nxe4 Nbd7 6. Nf3 h6 7. Nxf6+ Nxf6 8.
Bh4 c5 9. c3 cxd4 10. Nxd4 Be7 11. Bd3 O-O 12. O-O Nd5 13. Bg3 Bd6 14. Qe2 Bxg3
15. hxg3 Nf6 16. Rad1 Qc7 17. Nb5 Qb6 18. Nd6 Bd7 19. Ne4 Ne8 20. c4 Bc6 21. c5
Qa5 22. a3 Bxe4 23. Bxe4 Qxc5 24. Bxb7 Rb8 25. b4 Qb6 26. Bf3 Nf6 27. Qe5 Qa6
28. Qc3 Rfc8 29. Qb3 Qb5 30. Qd3 Qxd3 31. Rxd3 Kf8 32. Rd6 Rb6 33. Rd3 Ke7 1/2-1/2

[Event "Aeroflot Open A"]
[Site "Moscow RUS"]
[Date "2011.02.13"]
[Round "6"]
[White "Mareco, Sandro"]
[Black "Petrosian, Tigran L."]
[Result "0-1"]
[WhiteTitle "GM"]
[BlackTitle "GM"]
[WhiteElo "2627"]
[BlackElo "2604"]
[WhiteFideId "112275"]
[BlackFideId "13301616"]
[EventDate "2011.02.08"]

1. d4 d5 2. c4 c6 3. Nf3 Nf6 4. Nc3 dxc4 5. a4 Bf5 6. Ne5 Nbd7 7. Nxc4 Qc7 8. g3
e5 9. dxe5 Nxe5 10. Bf4 Nfd7 11. Bg2 g5 12. Ne3 gxf4 13. Nxf5 O-O-O 14. Qc2 fxg3
15. hxg3 Kb8 16. a5 a6 17. O-O h5 18. Ne4 h4 19. Nxh4 Rxh4 20. gxh4 Ng4 21. Ng3
Bc5 22. Ra3 Bxa3 23. bxa3 Ne3 24. fxe3 Qxg3 25. Qe4 Ne5 26. Qf4 Qg7 27. Kf2 Ka8
28. Bf3 Qh8 29. h5 Nxf3 30. Qxf3 Rd6 31. Kg2 Rd5 32. Rh1 Rg5+ 33. Kf2 Qe5 34. e4
f5 35. Qd3 Qxa5 36. h6 fxe4 37. Qd4 Rf5+ 38. Kg2 Rg5+ 39. Kf2 Qf5+ 40. Ke3 Rg3+
41. Kd2 Qa5+ 42. Kc2 c5 43. Qb2 Qa4+ 44. Kc1 Rxa3 0-1

[Event "Aeroflot Open A"]
[Site "Moscow RUS"]
[Date "2011.02.13"]
[Round "6"]
[White "Grigoryan, Avetik"]
[Black "Predojevic, Borki"]
[Result "1/2-1/2"]
[WhiteTitle "GM"]
[BlackTitle "GM"]
[WhiteElo "2595"]
[BlackElo "2626"]
[WhiteFideId "13302191"]
[BlackFideId "930849"]
[EventDate "2011.02.08"]

1. Nf3 Nf6 2. c4 b6 3. g3 Bb7 4. Bg2 g6 5. d4 Bg7 6. O-O O-O 7. d5 Ne4 8. Qc2 f5
9. Ng5 Nd6 10. h4 Na6 11. Bf4 h6 12. Nf3 Nf7 13. Rd1 Qc8 14. Nc3 e5 15. dxe6
dxe6 16. e4 e5 17. Be3 Nd6 18. h5 gxh5 19. exf5 Qxf5 20. Qxf5 Nxf5 21. Nh4 Bxg2
22. Kxg2 Nxe3+ 23. fxe3 e4 24. Ng6 Rf3 25. Rd7 Rf7 26. Rad1 Nc5 27. Rxf7 Kxf7 1/2-1/2

[Event "Aeroflot Open A"]
[Site "Moscow RUS"]
[Date "2011.02.13"]
[Round "6"]
[White "Danin, Alexandre"]
[Black "Vuckovic, Bojan"]
[Result "0-1"]
[WhiteTitle "IM"]
[BlackTitle "GM"]
[WhiteElo "2538"]
[BlackElo "2623"]
[WhiteFideId "4144031"]
[BlackFideId "922277"]
[EventDate "2011.02.08"]

1. e4 c6 2. d4 d5 3. exd5 cxd5 4. c4 Nf6 5. Nc3 Nc6 6. Bg5 Be6 7. Nf3 Ne4 8. c5
g6 9. Bb5 Bg7 10. Qa4 Nxg5 11. Nxg5 Bd7 12. Nf3 O-O 13. O-O e6 14. Rfe1 Qc7 15.
Rac1 a6 16. Bxc6 bxc6 17. Qa3 f6 18. Na4 e5 19. Nb6 Rae8 20. Nd2 Bh6 21. Nxd7
Qxd7 22. Rcd1 e4 23. b4 f5 24. Qh3 Bg7 25. Nb3 g5 26. f4 gxf4 27. Qh4 Re6 28.
Qxf4 Bh6 29. Qh4 Rg6 30. Kh1 Qg7 31. g3 Kh8 32. Re2 f4 33. gxf4 Rxf4 34. Qd8+
Rf8 35. Qh4 Rg8 36. Qf2 e3 37. Qf1 Qd7 38. Qf3 Rf8 39. Qh5 Qf7 40. Qh3 Qf4 0-1

[Event "Aeroflot Open A"]
[Site "Moscow RUS"]
[Date "2011.02.13"]
[Round "6"]
[White "Mekhitarian, Krikor Sevag"]
[Black "Ragger, Markus"]
[Result "0-1"]
[WhiteTitle "GM"]
[BlackTitle "GM"]
[WhiteElo "2528"]
[BlackElo "2615"]
[WhiteFideId "2107660"]
[BlackFideId "1610856"]
[EventDate "2011.02.08"]

1. d4 d5 2. c4 c6 3. Nc3 Nf6 4. Nf3 dxc4 5. a4 Bf5 6. Ne5 Nbd7 7. Nxc4 Qc7 8. g3
e5 9. dxe5 Nxe5 10. Bf4 Nfd7 11. Bg2 f6 12. O-O O-O-O 13. Nxe5 Nxe5 14. Qb3 Qf7
15. Qxf7 Nxf7 16. Rac1 Bd6 17. Bxd6 Nxd6 18. b4 Kb8 19. Rfd1 Nc4 20. b5 cxb5 21.
Nxb5 Nd2 22. h3 a6 23. Nc7 Nb3 24. Rxd8+ Rxd8 25. Rc4 Rd1+ 26. Kh2 Nd2 27. Rc5
Bd7 28. Nd5 Nf1+ 29. Bxf1 Rxf1 30. Kg2 Ra1 31. a5 Bb5 32. Nc3 Rxa5 33. f3 Ra3
34. Nxb5 Ra5 35. Rc7 Rxb5 36. Rxg7 a5 37. Rxh7 a4 38. Rd7 Ra5 39. Kf2 b5 40. Ke3
a3 41. Rd1 b4 42. Kd4 b3 43. Kc4 a2 44. Kxb3 a1=Q 45. Rxa1 Rxa1 46. Kc4 Rd1 0-1

[Event "Aeroflot Open A"]
[Site "Moscow RUS"]
[Date "2011.02.13"]
[Round "6"]
[White "Bocharov, Dmitry"]
[Black "Shomoev, Anton"]
[Result "1/2-1/2"]
[WhiteTitle "GM"]
[BlackTitle "GM"]
[WhiteElo "2605"]
[BlackElo "2557"]
[WhiteFideId "4138716"]
[BlackFideId "4135148"]
[EventDate "2011.02.08"]

1. c4 Nf6 2. g3 e6 3. Bg2 d5 4. Nf3 dxc4 5. Qa4+ c6 6. Qxc4 b5 7. Qc2 Bb7 8. O-O
Nbd7 9. b3 Be7 10. Bb2 O-O 11. d3 Qb6 12. Nbd2 c5 13. Rac1 Rac8 14. Qb1 Nd5 15.
a3 Bf6 16. e4 Bxb2 17. Qxb2 Ne7 18. Rc2 Rc7 19. Rfc1 Rfc8 20. Ne5 Nf8 21. h4 Qd6
22. d4 cxd4 23. Rxc7 Rxc7 24. Rxc7 Qxc7 25. Qxd4 Qc1+ 26. Bf1 Qxa3 27. Bxb5 f6
28. Nec4 Qb4 29. Ba4 Nc8 30. Qd8 Qe7 31. Qa5 e5 32. Ne3 Ne6 33. b4 Nd4 34. Nd5
Bxd5 35. Qxd5+ Kf8 36. Bb3 Nxb3 37. Nxb3 Qxb4 38. Nc5 Nb6 39. Qd6+ Kf7 40. h5 h6
41. Qe6+ Kf8 42. Qd6+ Kf7 43. Qe6+ Kf8 44. Qd6+ Kf7 1/2-1/2